| 000 | 00701nam a2200193 a 4500 | ||
|---|---|---|---|
| 003 | 0 | ||
| 005 | 20250415145521.0 | ||
| 008 | 060801s19uu xx 00 eng d | ||
| 050 |
_aPHS LB 1049.3 _b.H47 2006 |
||
| 100 | _aHernandez, Joselito Luis M. | ||
| 245 |
_aThe Influence of a student's high school study habits to academic perfomance in college / _cJoselito Luis M. Hernandez. |
||
| 260 |
_aLas PiƱas City, Philippines : _bSouthville International School and Colleges, _c2006. |
||
| 300 |
_a26 pages : _billustrations ; _c28 cm. |
||
| 504 | _aIncludes bibliographical references. | ||
| 650 | _aStudy habits. | ||
| 650 | _aAcademic achievement. | ||
| 650 | _aStudy skills. | ||
| 942 |
_2lcc _cPASS |
||
| 999 |
_c97613 _d97613 |
||